000
00296nam a2200109Ia 4500
008
220204s9999 xx 000 0 und d
082
_a
537.5
_b
COO
100
_a
Cook, D B
245
0
_a
Structures and approximations for electrons in molecules
260
_a
New York
_b
John Wiley
_c
1978
942
_c
BK
999
_c
31244
_d
31244